<?xml version="1.0" encoding="UTF-8"?>
<record
    xmlns:xsi="http://www.w3.org/2001/XMLSchema-instance"
    xsi:schemaLocation="http://www.loc.gov/MARC21/slim http://www.loc.gov/standards/marcxml/schema/MARC21slim.xsd"
    xmlns="http://www.loc.gov/MARC21/slim">

  <leader>00709nam a22001817a 4500</leader>
  <controlfield tag="003">UA-OsUOA</controlfield>
  <controlfield tag="001"> 15130 </controlfield>
  <controlfield tag="007">ta</controlfield>
  <controlfield tag="008">20031031b un ||||| |||| 00| 0 ukr d</controlfield>
  <datafield tag="100" ind1=" " ind2=" ">
    <subfield code="a">&#x414;&#x43C;&#x438;&#x442;&#x440;&#x443;&#x43A; &#x414;.</subfield>
  </datafield>
  <datafield tag="942" ind1=" " ind2=" ">
    <subfield code="c">SA</subfield>
  </datafield>
  <datafield tag="040" ind1=" " ind2=" ">
    <subfield code="a">UA-OsUOA</subfield>
    <subfield code="c">UA-OsUOA</subfield>
    <subfield code="d">UA-OsUOA</subfield>
  </datafield>
  <datafield tag="245" ind1=" " ind2=" ">
    <subfield code="a">&#x413;&#x430;&#x440;&#x442;&#x443;&#x44E;&#x442;&#x44C;&#x441;&#x44F; &#x442;&#x456;&#x43B;&#x43E; &#x456; &#x434;&#x443;&#x448;&#x430;: [&#x41F;&#x440;&#x43E; &#x432;&#x438;&#x43A;&#x43E;&#x43D;&#x430;&#x43D;&#x43D;&#x44F; &#x440;&#x435;&#x433;&#x456;&#x43E;&#x43D;. &#x446;&#x456;&#x43B;&#x44C;&#x43E;&#x432;&#x43E;&#x457; &#x43A;&#x43E;&#x43C;&#x43F;&#x43B;&#x435;&#x43A;&#x441;. &#x43F;&#x440;&#x43E;&#x433;&#x440;. "&#x424;&#x456;&#x437;&#x438;&#x447;&#x43D;&#x435; &#x432;&#x438;&#x445;&#x43E;&#x432;&#x430;&#x43D;&#x43D;&#x44F; - &#x437;&#x434;&#x43E;&#x440;&#x43E;&#x432;'&#x44F; &#x43D;&#x430;&#x446;&#x456;&#x457;" &#x443; &#x420;&#x430;&#x434;&#x438;&#x432;&#x438;&#x43B;&#x456;&#x432;. &#x440;-&#x43D;&#x456;]</subfield>
  </datafield>
  <datafield tag="300" ind1=" " ind2=" ">
    <subfield code="a">&#x421;.2</subfield>
  </datafield>
  <datafield tag="955" ind1=" " ind2=" ">
    <subfield code="a">0</subfield>
  </datafield>
  <datafield tag="773" ind1="0" ind2=" ">
    <subfield code="w">0</subfield>
    <subfield code="t">&#x41F;&#x440;&#x430;&#x43F;&#x43E;&#x440; &#x43F;&#x435;&#x440;&#x435;&#x43C;&#x43E;&#x433;&#x438;</subfield>
    <subfield code="d">&#x420;&#x430;&#x434;&#x438;&#x432;&#x438;&#x43B;&#x456;&#x432;</subfield>
    <subfield code="d">2003</subfield>
    <subfield code="g">&#x2116;72/ 12 &#x432;&#x435;&#x440;&#x435;&#x441;./</subfield>
  </datafield>
  <datafield tag="650" ind1=" " ind2="7">
    <subfield code="a">&#x41A;&#x440;&#x430;&#x454;&#x437;&#x43D;&#x430;&#x432;&#x447;&#x430; &#x440;&#x43E;&#x431;&#x43E;&#x442;&#x430;</subfield>
    <subfield code="2">UDC</subfield>
  </datafield>
  <datafield tag="999" ind1=" " ind2=" ">
    <subfield code="c">301295</subfield>
    <subfield code="d">301295</subfield>
  </datafield>
</record>
